000 00754nam a2200229Ia 4500
005 20250508164129.0
008 008 250505s9999 xx 000 0 eng d
020 _a1-4129-0433-1
037 _aReference
040 _aFEDL
_beng
_cFEDL
041 _aeng
_2eng
084 _a371.95, MOO
_qFEDL
100 _aMoon Sidney M. Ed.
_9777409
245 0 _aSocial/emotional issues, under achievement, and counseling of gifted and talented students
260 _aCalifornia, USA
_bCorwin Press
_c2004
300 _axxi,259p.
365 _aUSD
_b32.95
490 _aEssential Readings in Gifted Education No.8
650 _aGifted children - Education; Underachievement
_9777410
942 _cREF
_h371.95, MOO
999 _c1387225
_d1387225